CAD - Lehrbuch

Na minha lista:
Detalhes bibliográficos
Formato: Livro
Idioma:alemão
Publicado em: Leipzig Fachbuchverlag 1989
Edição:1. Aufl.
Tags: Adicionar Tag
Sem tags, seja o primeiro a adicionar uma tag!

MARC

LEADER 00000nam a2200000 4500
001 c032654
005 20221215124238.4
041 0 |a ger 
044 |a DE 
245 1 0 |a CAD - Lehrbuch 
250 |a 1. Aufl. 
264 1 |a Leipzig  |b Fachbuchverlag  |c 1989 
300 |a 262 s.